[Event "23rd ETCC Open 2021"]
[Site "Catez"]
[Date "2021.11.21"]
[Round "9.9"]
[White "Shirov, Alexei"]
[Black "Giri, Anish"]
[Result "1/2-1/2"]
[WhiteElo "2673"]
[BlackElo "2774"]
[Annotator "TA"]
[PlyCount "69"]
[EventDate "2021.11.08"]
[EventType "team-tourn"]
[EventCountry "SLO"]
[SourceTitle "playchess.com"]
[Source "ChessBase"]
[SourceQuality "1"]
[WhiteTeam "Spain"]
[BlackTeam "Netherlands"]
[WhiteTeamCountry "ESP"]
[BlackTeamCountry "NED"]

{[%evp 23,69,29,19,0,0,0,7,4,15,15,15,15,16,16,16,16,14,14,12,12,19,0,0,0,7,10,
9,7,14,8,8,9,22,16,34,0,0,0,0,0,0,0,6,6,6,6,6,6]} 1. e4 c5 2. Nc3 Nc6 3. Nge2
g6 4. d4 cxd4 5. Nxd4 Bg7 6. Be3 Nf6 7. Bc4 O-O 8. Bb3 d6 9. f3 Qa5 10. Qd2
Nxd4 11. Bxd4 Be6 12. O-O-O b5 13. Nd5 {B77: Sicilian Dragon: Yugoslav Attack,
9 Bc4 sidelines.} (13. Kb1 {looks sharper.} Rfc8 14. Rhe1 Bxb3 15. cxb3 b4 16.
Bxf6 bxc3 17. Bxc3 Bxc3 18. bxc3 Qxc3 19. Qxc3 Rxc3 20. Rc1) 13... Qxd2+ 14.
Rxd2 Bxd5 {[#]} 15. Bxf6 $146 ({Predecessor:} 15. Bxd5 Nxd5 16. Bxg7 Kxg7 17.
Rxd5 a6 18. Rhd1 Rfc8 19. c3 Kf6 20. Kc2 Ke6 21. Kb3 {1-0 (35) Knudsen,
J-Williams,D USA 1979}) 15... Bxf6 16. Rxd5 Rab8 17. a3 Rfc8 18. c3 Rc5 19.
Rhd1 Rxd5 20. Rxd5 $11 {[%mdl 4096] Endgame KRB-KRB} Be5 21. g3 g5 22. Kc2 e6
23. Rd2 Kg7 24. Rf2 Kf8 25. f4 gxf4 26. gxf4 Bg7 27. Rf3 a6 28. Rh3 h6 29. f5
Ke7 {The position is equal.} 30. fxe6 fxe6 31. Rg3 Bf6 32. Rg6 h5 33. Rh6 {
Threatens to win with Rh7+.} Rh8 34. Rxh8 Bxh8 35. Kd3 {An uneventful
encounter.  Weighted Error Value: White=0.04/Black=0.02} 1/2-1/2

[Event "23rd ETCC Open 2021"]
[Site "Catez"]
[Date "2021.11.21"]
[Round "9.10"]
[White "Van Foreest, Lucas"]
[Black "Anton Guijarro, David"]
[Result "0-1"]
[WhiteElo "2532"]
[BlackElo "2669"]
[Annotator "TA"]
[PlyCount "88"]
[EventDate "2021.11.08"]
[EventType "team-tourn"]
[EventCountry "SLO"]
[SourceTitle "playchess.com"]
[Source "ChessBase"]
[SourceQuality "1"]
[WhiteTeam "Netherlands"]
[BlackTeam "Spain"]
[WhiteTeamCountry "NED"]
[BlackTeamCountry "ESP"]

{[%evp 18,87,31,31,31,31,31,31,31,31,31,31,31,30,18,21,31,0,0,-3,-6,-27,0,-8,0,
0,0,-6,-8,-26,-20,-45,-38,-46,-25,-35,-33,-22,-12,-11,0,-2,0,-5,0,-22,-10,-124,
-116,-148,-139,-174,-166,-314,-321,-344,-312,-319,-326,-347,-347,-347,-338,
-330,-322,-465,-439,-527,-541,-29986,-29987,-29999]} 1. e4 c6 2. d4 d5 3. exd5
cxd5 4. c4 Nf6 5. Nc3 e6 6. Nf3 dxc4 7. Bxc4 Be7 8. O-O O-O 9. Re1 Nc6 10. a3
b6 {D26: Queen's Gambit Accepted: 4 e3 e6 5 Bxc5 c5 sidelines.} 11. d5 Na5 12.
Ba2 {Threatens to win with b4.} Nxd5 {White is slightly better.} 13. Nxd5 exd5
14. Qxd5 Be6 15. Qxd8 Raxd8 16. Bxe6 fxe6 17. b4 Bf6 {[#]} 18. Rb1 $146 ({
Predecessor:} 18. Ra2 Nc4 19. b5 Bc3 20. Rf1 Nd6 21. a4 Ne4 22. h3 Rc8 23. Ng5
Nxg5 24. Bxg5 {0-1 (32) Vaisser,A (2573)-Galdunts,S (2485) Nancy 2006}) 18...
Nc4 19. a4 Rd3 20. Rxe6 Na3 21. Bxa3 Rxa3 22. b5 Rxa4 23. Rc6 Ra2 24. Rc7 Re8
25. g3 Ree2 26. Re1 $1 Rxe1+ 27. Nxe1 $15 {[%mdl 4096] Endgame KRB-KRN} Bd4 28.
Nc2 Bc5 29. Ne3 h5 30. Nf5 g6 31. Ne7+ Kf7 32. Nc6+ (32. Nd5+ $11 Ke6 33. Nf4+
Kd6 34. Rc6+ Ke5 35. Rxg6) 32... Ke6 {Strongly threatening ...a5.} 33. Nxa7
Bxf2+ 34. Kf1 {[#]} Bc5 $1 35. Rc6+ {[#]} (35. h3 {was worth a try.}) 35... Kf5
$1 $19 36. Nc8 Rf2+ ({Weaker is} 36... Rxh2 37. Nxb6 Bf2 38. Nc4 $17) 37. Ke1 {
Black must now prevent Rxc5+!} Rxh2 38. Nxb6 Bf2+ {[%mdl 64] Double Attack} 39.
Kf1 Bxg3 40. Nd5 g5 41. Ne3+ (41. Rc3 {is a better defense.} h4 42. Rb3) 41...
Ke4 42. Ng2 h4 {...h3 is the strong threat.} 43. Rc4+ Kd3 {[%cal Rh2h1]} 44.
Rg4 Rh1# {Weighted Error Value: White=0.46/Black=0.04} 0-1

[Event "23rd ETCC Open 2021"]
[Site "Catez"]
[Date "2021.11.21"]
[Round "9.11"]
[White "Salgado Lopez, Ivan"]
[Black "Van Foreest, Jorden"]
[Result "1/2-1/2"]
[WhiteElo "2609"]
[BlackElo "2701"]
[Annotator "TA"]
[PlyCount "107"]
[EventDate "2021.11.08"]
[EventType "team-tourn"]
[EventCountry "SLO"]
[SourceTitle "playchess.com"]
[Source "ChessBase"]
[SourceQuality "1"]
[WhiteTeam "Spain"]
[BlackTeam "Netherlands"]
[WhiteTeamCountry "ESP"]
[BlackTeamCountry "NED"]

{[%evp 13,107,22,26,18,25,20,23,9,14,16,41,28,38,46,28,9,13,10,34,24,34,34,34,
34,34,34,34,34,27,29,37,34,53,22,22,22,22,22,33,20,56,64,77,77,77,81,103,77,95,
77,95,77,95,64,64,64,64,64,64,64,64,8,8,8,30,8,31,8,8,8,43,0,8,8,13,13,13,8,13,
8,8,8,8,8,8,8,8,7,7,0,8,0,8,8,8,0]} 1. d4 d5 2. c4 c6 3. Nf3 Nf6 4. e3 g6 5.
Nc3 Bg7 6. Be2 O-O 7. O-O Re8 {7...dxc4 is a critical line.} 8. h3 {D94:
Grünfeld: 4 Nf3 Bg7 5 e3.} e6 9. b3 Nbd7 {[#]} 10. a4 $146 {White has an edge.}
({Predecessor:} 10. Bb2 b6 11. Qc2 Bb7 12. Rad1 Qc7 13. Ne5 Rac8 14. f4 c5 15.
Nb5 Qb8 16. dxc5 Nxc5 {0-1 (45) Mamedyarov,S (2733)-Wang,H (2736) Beijing 2011}
) 10... e5 11. cxd5 Nxd5 12. Nxd5 cxd5 13. dxe5 Nxe5 14. Nd4 Nc6 15. Bb2 Qb6
16. Bb5 Bd7 17. a5 {[%cal Ba4a5,Ba5a6][%mdl 32]} Qd8 18. a6 Nxd4 19. Bxd7 Qxd7
20. Bxd4 Bxd4 21. Qxd4 bxa6 22. Rxa6 Qb5 23. Rxa7 Rxa7 24. Qxa7 Qxb3 $14 {
[%mdl 4096] Endgame KQR-KQR} 25. Qd4 Qc4 26. Qd2 Qe4 27. Rd1 Rb8 28. Qxd5 Qxd5
29. Rxd5 $16 {KR-KR} h5 30. g3 Kg7 31. Kg2 Rb2 32. Kf3 Ra2 33. e4 Ra3+ 34. Kf4
h4 35. gxh4 Rxh3 36. Kg4 Rh1 37. h5 ({Better is} 37. f3 $14) 37... f5+ $11 38.
exf5 gxh5+ 39. Kf4 h4 40. Rd7+ Kf6 41. Rd6+ Kf7 (41... Ke7 $5 {[%cal Re7d6]}
42. Rh6 h3 $11) 42. Rd7+ Kf6 {The position is equal.} 43. Rh7 h3 44. Rh6+ Kg7
45. Rh5 Kf6 46. Rh7 Rf1 47. f3 Rh1 $1 48. Rh6+ Kg7 49. Rh5 Kf7 50. Kg4 Rg1+ 51.
Kf4 Rh1 $1 52. Rh6 Kg7 53. Rg6+ Kf7 54. Rh6 {Weighted Error Value: White=0.10/
Black=0.07} 1/2-1/2

[Event "23rd ETCC Open 2021"]
[Site "Catez"]
[Date "2021.11.21"]
[Round "9.12"]
[White "Warmerdam, Max"]
[Black "Santos Ruiz, Miguel"]
[Result "1/2-1/2"]
[WhiteElo "2608"]
[BlackElo "2603"]
[Annotator "TA"]
[PlyCount "87"]
[EventDate "2021.11.08"]
[EventType "team-tourn"]
[EventCountry "SLO"]
[SourceTitle "playchess.com"]
[Source "ChessBase"]
[SourceQuality "1"]
[WhiteTeam "Netherlands"]
[BlackTeam "Spain"]
[WhiteTeamCountry "NED"]
[BlackTeamCountry "ESP"]

{[%evp 15,87,0,0,0,0,0,0,0,0,0,26,11,16,8,10,6,18,20,45,9,62,64,40,54,43,0,44,
43,91,56,58,36,42,46,49,20,17,16,17,24,14,10,13,9,25,25,31,17,31,31,31,31,45,
31,31,31,31,14,14,14,14,14,14,14,14,14,58,58,58,58,58,58,58,57]} 1. e4 e5 2.
Nf3 Nc6 3. d4 exd4 4. Nxd4 Nf6 5. Nxc6 bxc6 6. Bd3 d5 7. exd5 cxd5 8. O-O Be7
9. Re1 {C45: Scotch Game.} O-O 10. h3 {10.Bg5 is vanishing.} c5 11. b3 {
The position is equal.} Bb7 12. Nc3 {[#]} Ne4 $146 ({Predecessor:} 12... Kh8
13. Bb2 d4 14. Ne4 Nd5 15. Ng3 Bd6 16. Qh5 g6 17. Qf3 f5 {1-0 (54) Balazs,T 
(2185)-Rozgonyi,A (2162) Hungary 2003}) 13. Bxe4 dxe4 14. Bb2 f5 15. Qe2 Bf6
16. Rad1 Qe8 17. Ba3 Bxc3 (17... Rf7 $11 18. Nd5 Bd4) 18. Qc4+ $14 {[%mdl 64] 
[#] Double Attack} Rf7 19. Qxc3 f4 20. Rd6 Rd8 21. Qxc5 Rfd7 22. Rxd7 Rxd7 23.
Qg5 Qf7 24. g3 Rd2 {[#] Strongly threatening ...e3.} 25. Bb4 (25. gxf4 e3 $17)
(25. Bc1 {feels hotter.} Rxc2 26. Bxf4 h6 27. Qa5 Qd5 28. Qxd5+ Bxd5 29. Ra1)
25... h6 26. Qxf4 Qxf4 27. gxf4 Rxc2 $11 {[%mdl 4096] Endgame KRB-KRB} 28. a3
Bd5 29. Re3 Rb2 30. Bc5 Rxb3 31. Bxa7 Rxe3 32. fxe3 {KB-KB} Bc6 33. h4 h5 34.
Kf2 Kf7 35. Bd4 g6 36. f5 gxf5 37. Kg3 Ke6 38. Kf4 Ba4 39. Kg5 Bd1 40. Kg6 Kd7
41. Kxf5 {White is slightly better.} Bf3 42. a4 {[%cal Ba3a4,Ba4a5][%mdl 32]}
Kc8 43. a5 Kb7 44. Bb6 {Weighted Error Value: White=0.07/Black=0.10} 1/2-1/2

[Event "23rd ETCC Open 2021"]
[Site "Catez"]
[Date "2021.11.21"]
[Round "9.13"]
[White "Jobava, Baadur"]
[Black "Duda, Jan-Krzysztof"]
[Result "0-1"]
[WhiteElo "2582"]
[BlackElo "2756"]
[Annotator "TA"]
[PlyCount "84"]
[EventDate "2021.11.08"]
[EventType "team-tourn"]
[EventCountry "SLO"]
[SourceTitle "playchess.com"]
[Source "ChessBase"]
[SourceQuality "1"]
[WhiteTeam "Georgia"]
[BlackTeam "Poland"]
[WhiteTeamCountry "GEO"]
[BlackTeamCountry "POL"]

{[%evp 11,84,0,0,10,19,-52,-49,-61,-44,-54,-53,-60,-56,-59,-59,-80,-74,-79,-55,
-65,-47,-109,-120,-108,-110,-160,-159,-160,-154,-181,-175,-169,-153,-206,-200,
-195,-202,-202,-200,-203,-191,-179,-179,-200,-193,-202,-197,-226,-198,-268,
-175,-256,-254,-439,-428,-484,-483,-635,-630,-604,-608,-595,0,0,0,-536,-511,
-774,-721,-654,-466,-754,-376,-451,-441]} 1. e4 {Knaak,R} e6 2. d4 d5 3. Nc3
Bb4 4. exd5 exd5 5. Bd3 Nc6 6. Nf3 Bg4 7. O-O {C01: French: Exchange Variation.
} Nge7 8. Ne2 (8. a3 $11 Bxf3 9. Qxf3 Nxd4 10. Qg4 Bxc3 11. bxc3) 8... Bxf3 $15
9. gxf3 {Black is slightly better.} Qd7 10. c3 Bd6 11. Ng3 {[%cal Be2g3,Bg3f1,
Bf1e3,Be3d5][%mdl 32]} h5 12. Re1 O-O-O {[#]} 13. a4 $146 ({Predecessor:} 13.
Qc2 g6 14. Kg2 h4 15. Nf1 Rdg8 16. h3 Nd8 17. Ne3 f5 18. c4 Ne6 19. Nxd5 Nxd4 {
1/2-1/2 (39) Larsen,B (2545)-Kosten,A (2510) Hastings 1990 CBM 022 [Knaak,R]})
13... Rdg8 14. a5 h4 15. Nf1 Qh3 16. a6 (16. f4 $1 $15) 16... g5 $1 $17 {
[%cal Rg5g4]} 17. axb7+ Kb8 18. Rxe7 Bxe7 19. Ne3 {Black must now prevent Ng4.}
g4 $1 {[%cal Rg4f3]} (19... Bd6 $2 20. Ng4 $18) 20. Bf1 (20. fxg4 $2 Bd6 $19)
20... gxf3+ 21. Kh1 Qe6 {Threatens to win with ...Rh5.} 22. Qxf3 (22. Bd3 $17 {
is a better defense.} Bg5 23. Qxf3) 22... Qg6 $1 $19 {[%csl Gg8][%cal Rg6g1]}
23. Qg2 Qf6 24. Nxd5 Qf5 $40 {[%mdl 128] Black has strong attack.} (24... Rxg2
25. Nxf6 Rxf2 26. Nd7+ Kxb7 27. Be3 $15) 25. Ne3 (25. Nxe7 $2 Nxe7 26. Qh3 Qxf2
$19) 25... Rxg2 26. Nxf5 Rxf2 27. Bd3 Bd6 ({Inferior is} 27... Kxb7 28. Be3 $16
(28. d5 Ne5 $14)) 28. Nxd6 cxd6 29. b4 h3 ({Less strong is} 29... Kxb7 30. b5
$15) 30. b5 (30. Bc4 {might work better.}) 30... Nd8 31. b6 (31. Ba3 $142 d5
32. c4) 31... a5 32. Ba3 $2 (32. Rxa5 {was called for.} Re8 33. Rg5) 32... Nxb7
33. Re1 Rf3 34. Ba6 {Re7 is the strong threat.} Rxc3 35. Re7 Rxa3 36. Rxb7+ {
[%mdl 4096] Endgame KRR-KRB} Ka8 37. Ra7+ Kb8 38. Rb7+ {[#]} Kc8 $1 39. Ra7+ {
[#]} (39. Rxf7+ $142 Kd8 40. b7 Ra1+ 41. Bf1) 39... Kd8 $1 40. Bf1 Re8 41. Kg1
(41. Ra8+ $142 Ke7 42. b7) 41... Rb3 (41... Re1 $142 {( -> ...Rf3)} 42. Rxf7
Rb1) 42. Ra8+ Ke7 {Weighted Error Value: White=0.42/Black=0.32} 0-1

[Event "23rd ETCC Open 2021"]
[Site "Catez"]
[Date "2021.11.21"]
[Round "9.15"]
[White "Paichadze, Luka"]
[Black "Piorun, Kacper"]
[Result "1/2-1/2"]
[WhiteElo "2551"]
[BlackElo "2634"]
[Annotator "TA"]
[PlyCount "104"]
[EventDate "2021.11.08"]
[EventType "team-tourn"]
[EventCountry "SLO"]
[SourceTitle "playchess.com"]
[Source "ChessBase"]
[SourceQuality "1"]
[WhiteTeam "Georgia"]
[BlackTeam "Poland"]
[WhiteTeamCountry "GEO"]
[BlackTeamCountry "POL"]

{[%evp 19,104,0,0,0,0,0,0,-11,-10,-14,-12,-12,-10,-16,-9,-12,-10,-21,-6,-18,0,
-4,0,0,0,-31,-27,-31,-44,-27,-47,-98,-95,-160,-142,-150,-152,-153,-143,-239,
-231,-311,-292,-298,-275,-290,-290,-264,-259,-383,-385,-367,-312,-302,-313,
-295,-295,-481,-456,-468,-277,-575,-573,-552,-589,-562,-595,-533,-605,-600,
-600,-541,-381,-390,0,0,0,0,0,0,0,0,0,0,0,0,0]} 1. e4 e6 2. d4 d5 3. e5 c5 4.
c3 Nc6 5. Nf3 Qb6 6. a3 c4 7. Nbd2 {[%cal Bb1d2,Bd2f1,Bf1g3][%mdl 32]} Na5 8.
Be2 Bd7 9. O-O Ne7 10. Rb1 Qc7 11. Re1 {C02: French: Advance Variation.} Nc8
12. Nf1 h6 13. Ng3 Nb6 14. Qd2 Ba4 15. Bd1 Bxd1 16. Qxd1 O-O-O {[#]} 17. h4
$146 ({Predecessor:} 17. h3 Kb8 18. Nh2 g6 19. Qf3 Bg7 20. Ngf1 Rdf8 21. Ng4
Qd8 22. Bf4 g5 23. Bc1 {1-0 (49) Overton,D (2438)-Santamaria Perez,T (2295)
ICCF email 2006}) 17... Be7 18. h5 Qd7 19. Nh2 Nc6 20. Qg4 Rhg8 21. Qh3 Kb8 22.
f4 f5 23. exf6 gxf6 24. f5 e5 25. Ng4 (25. Ne2 $15) 25... exd4 $17 26. Bf4+ (
26. Nxh6 $142 Rgf8 27. Bd2) 26... Ka8 27. Nxh6 Rgf8 28. cxd4 Nxd4 29. Rbd1 (29.
Ng4 $17 {was called for.}) 29... Nb3 $19 30. Qg4 Na4 31. Qe2 Bc5+ 32. Kh2 Bd4
33. Ng4 Bxb2 34. Qc2 (34. Bh6 $142 Rg8 35. Qf3) 34... Nd4 35. Qb1 Nb5 36. Qc2
Nxa3 37. Qf2 c3 38. Re6 $2 (38. Rd4 {was worth a try.}) 38... c2 39. Rde1 Nc3 (
39... Qb5 $142 40. R6e2 Qb4) 40. Nxf6 $2 {[#]} (40. Qf3) 40... Rxf6 $1 {
[%mdl 512]} 41. Rxf6 {Threatens to win with Rd6.} Nd1 {[%mdl 64] Discovered
Attack} 42. Qf3 {Hoping for Rd6!} Bxf6 43. Qxa3 Qg7 {And now ...Qg4 would win.}
44. Qf3 Bg5 {[#] Strongly threatening ...Bxf4.} 45. Re2 Rc8 46. f6 Qxf6 ({
Black should try} 46... Bxf6 $19 {...Qd7 is the strong threat.} 47. Qxd5 Qg4)
47. Bxg5 $1 $11 {The position is equal.} Qxg5 48. Rxc2 $1 {[%cal Rc2c8]} Qh4+
49. Kg1 {[%cal Rc2c8]} Qd4+ 50. Kh1 {[%cal Rc2c8]} Qh4+ 51. Kg1 {[%cal Rc2c8]}
Qd4+ 52. Kh1 {[%cal Rc2c8]} Qh4+ {And White is the lucky defender.  Weighted
Error Value: White=0.24/Black=0.21} 1/2-1/2

[Event "23rd ETCC Open 2021"]
[Site "Catez"]
[Date "2021.11.21"]
[Round "9.16"]
[White "Moranda, Wojciech"]
[Black "Quparadze, Giga"]
[Result "1-0"]
[WhiteElo "2623"]
[BlackElo "2475"]
[Annotator "TA"]
[PlyCount "77"]
[EventDate "2021.11.08"]
[EventType "team-tourn"]
[EventCountry "SLO"]
[SourceTitle "playchess.com"]
[Source "ChessBase"]
[SourceQuality "1"]
[WhiteTeam "Poland"]
[BlackTeam "Georgia"]
[WhiteTeamCountry "POL"]
[BlackTeamCountry "GEO"]

{[%evp 13,77,0,0,0,-7,-6,-10,0,-6,0,3,0,16,33,29,65,111,17,52,31,37,16,23,28,
108,125,137,142,169,135,268,127,241,231,219,231,233,247,234,175,273,198,239,
239,316,307,288,283,377,391,336,382,681,672,733,720,1276,1253,2445,2545,3092,
1984,29953,29948,6113,6091]} 1. d4 Nf6 2. c4 e6 3. Nc3 Bb4 4. e3 O-O 5. Nge2
Re8 6. a3 Bf8 7. Ng3 d5 8. Be2 {E46: Nimzo-Indian: Rubinstein: 4 e3 0-0 5 Ne2
without early Bd3.} b6 9. O-O Bb7 10. cxd5 {The position is equal. now
supersedes 10.b4.} exd5 11. b4 c6 12. Rb1 {[%cal Ba1b1,Bb1b2,Bb2g2][%mdl 32]}
Nbd7 {[#]} 13. f3 $146 ({Predecessor:} 13. Bf3 a5 14. b5 c5 15. dxc5 Nxc5 16.
Nf5 a4 17. Nd4 Nfe4 18. Bb2 Qg5 19. Nxe4 dxe4 {1-0 (39) Fier,A (2562)-Derraugh,
G (2169) Chess.com INT 2020}) 13... Bd6 14. Nf5 Bc7 15. g4 (15. e4 $16) 15...
Kh8 16. Bd3 Nf8 17. Rb2 (17. g5 $5 {[%cal Rg5f6]} Ng8 18. f4 $11) 17... Ne6 18.
f4 Rb8 (18... a5 $11 {keeps the balance.}) 19. g5 $16 {Black is now going
downhill.} Ng8 20. Rg2 c5 21. Nb5 Ba6 (21... c4 $16) 22. Qa4 (22. Nxa7 Bxd3 23.
Qxd3 c4 $14) (22. dxc5 $18 {and White stays clearly on top.} bxc5 23. Nxc7 (23.
Nxa7 Bxd3 24. Qxd3 Qd7 $11) 23... Bxd3 24. Qxd3 (24. Nxe8 Bxf5 25. Nxg7 Kxg7
$15) 24... Qxc7 25. Bb2 (25. Qxd5 cxb4 26. Bb2 Ne7 $16)) 22... Bc8 (22... Bb7
$16 {was necessary.}) 23. Nxc7 ({Less strong is} 23. Qxa7 c4 $16) ({Weaker is} 
23. Nxa7 Ra8 $14) 23... Nxc7 24. dxc5 $40 {[%mdl 128] White is out for blood.}
bxc5 25. bxc5 Bxf5 26. Bxf5 Qe7 (26... Ne6 $142 27. Rc2 (27. Qxa7 Ne7 $18)
27... Ne7) 27. Qxa7 Ra8 28. Qb6 Ra6 29. Qb1 Qxc5 30. Bxh7 d4 31. exd4 Qxd4+ 32.
Kh1 Rd6 $2 (32... Rb6) 33. Bb2 $18 Qd5 {[#] And now ...Re2 would win.} 34. Be5
Ra6 35. Be4 Qd7 36. Qe1 {Qh4+ would kill now.} Rxe5 37. fxe5 g6 38. Qh4+ Kg7
39. Rgf2 {Weighted Error Value: White=0.17/Black=0.70} 1-0

[Event "23rd ETCC Open 2021"]
[Site "Catez"]
[Date "2021.11.21"]
[Round "9.17"]
[White "Grischuk, Alexander"]
[Black "Adams, Michael"]
[Result "1/2-1/2"]
[WhiteElo "2773"]
[BlackElo "2714"]
[Annotator "TA"]
[PlyCount "74"]
[EventDate "2021.11.08"]
[EventType "team-tourn"]
[EventCountry "SLO"]
[SourceTitle "playchess.com"]
[Source "ChessBase"]
[SourceQuality "1"]
[WhiteTeam "Russia"]
[BlackTeam "England"]
[WhiteTeamCountry "RUS"]
[BlackTeamCountry "ENG"]

{[%evp 9,74,17,29,0,0,-6,22,19,19,18,22,25,15,18,25,19,5,2,43,4,49,35,79,-50,
41,39,15,14,16,27,23,28,62,52,55,61,60,0,0,0,0,-40,0,0,44,0,0,0,0,-11,35,20,58,
48,64,43,89,23,15,22,109,0,0,0,89,0,0]} 1. d4 Nf6 2. c4 e6 3. Nf3 d5 4. Nc3 Be7
5. Bf4 O-O 6. a3 {D37: Queen's Gambit Declined: 5 Bf4.} b6 7. Qc2 c5 8. Rd1 Bb7
9. cxd5 exd5 10. e3 c4 {[#]} 11. Ne5 $146 ({Predecessor:} 11. Be2 a6 12. Ne5 b5
13. g4 Ne4 14. Kf1 f6 15. Nf3 Nxc3 16. Qxc3 a5 17. Nd2 {0-1 (30) Rauk,T (2256)
-Luik,H (2234) Parnu/Tallinn 2001}) 11... a6 $1 12. g4 b5 13. Bg2 Nc6 14. O-O
Na5 15. h4 Ne8 16. e4 (16. g5 $16) 16... Nc7 (16... f6 $15 17. Nf3 dxe4 18.
Nxe4 Qc8) 17. h5 f6 18. Nf3 dxe4 19. Nh4 {Threatens to win with d5.} Nd5 20.
Nxd5 Bxd5 21. Bxe4 Bxe4 22. Qxe4 {aiming for Nf5.} Qd7 23. Qf5 (23. Qf3 $14)
23... Rfd8 $11 24. Rfe1 Bf8 25. d5 Qxf5 26. Nxf5 Rd7 27. Re6 {Hoping for h6.}
Nb7 28. Be3 Kf7 29. Rc6 Nd6 30. Bf4 {[%cal Rf4d6]} Ne8 31. Kg2 g6 32. Ng3 {
And now hxg6+ would win.} Bd6 33. Kf3 (33. Bxd6 $16 Nxd6 34. f3) 33... Bxf4 34.
Kxf4 Nd6 (34... Rad8 $11) 35. Re1 (35. Ne4 $16 Nxe4 36. Kxe4) 35... Ne8 36. Rd1
(36. Ne4 $11) 36... Nd6 $16 37. Re1 (37. Kf3 $16) 37... Ne8 {Weighted Error
Value: White=0.26/Black=0.18} 1/2-1/2

[Event "23rd ETCC Open 2021"]
[Site "Catez"]
[Date "2021.11.21"]
[Round "9.18"]
[White "McShane, Luke J"]
[Black "Dubov, Daniil"]
[Result "1/2-1/2"]
[WhiteElo "2667"]
[BlackElo "2714"]
[Annotator "TA"]
[PlyCount "141"]
[EventDate "2021.11.08"]
[EventType "team-tourn"]
[EventCountry "SLO"]
[SourceTitle "playchess.com"]
[Source "ChessBase"]
[SourceQuality "1"]
[WhiteTeam "England"]
[BlackTeam "Russia"]
[WhiteTeamCountry "ENG"]
[BlackTeamCountry "RUS"]

{[%evp 9,141,18,29,22,22,37,20,14,25,14,14,6,12,0,7,0,11,0,23,0,0,-35,-28,-32,
-27,-34,-29,-70,-62,-114,-117,-133,-120,-123,-116,-119,-114,-131,-143,-117,
-118,-125,-110,-118,-114,-145,-150,-151,-112,-143,-129,-141,-125,-147,-147,
-176,-172,-176,-180,-195,-189,-200,-186,-181,-180,-227,-234,-302,-343,-324,
-343,-330,-344,-345,-337,-334,-331,-259,-125,-109,-30,-441,-357,-1658,-1533,
-1333,-1291,-1067,-823,-781,-361,-337,-324,-302,-169,-145,0,0,0,0,0,0,0,0,0,0,
0,0,0,0,0,0,0,0,0,0,0,0,0,0,0,0,0,0,0,0,0,0,0,0,0,0,0,0]} 1. e4 e5 2. Nf3 Nc6
3. Bb5 a6 4. Bxc6 dxc6 5. O-O Qf6 6. d4 {C68: Ruy Lopez: Exchange Variation,
sidelines.} exd4 7. Bg5 Qd6 8. Nxd4 Be7 9. Be3 Nh6 10. h3 Qg6 11. Qf3 {[#]} Bd7
$146 ({Predecessor:} 11... O-O 12. Nc3 Bd6 13. Rfe1 Ng4 14. Bf4 Ne5 15. Qg3
Qxg3 16. Bxg3 Bd7 17. Rad1 Rad8 {1-0 (66) Kerigan,D (2277)-Lobzhanidze,D (2433)
Groningen 2014}) 12. Nc3 O-O-O 13. Rfe1 Rhe8 14. Bxh6 gxh6 15. Re2 Bc5 16. Nf5
Re5 {[%cal Rd7f5]} 17. Rd1 $1 Rg8 {[%cal Rd7f5]} 18. Rxd7 Kxd7 19. Nb1 ({
White should try} 19. Nxh6 $15 Rf8 20. Nf5) 19... Kc8 20. Nd2 Rge8 21. Nb3 {
[%cal Bd2b3,Bb3c1,Bc1d3][%mdl 32]} Bf8 22. Nc1 Qe6 {[%cal Re5e4]} 23. Ng3 Ra5
24. a3 Bg7 25. Nd3 Be5 26. Nh5 Qg6 27. b4 Rxa3 28. Nxe5 Ra1+ (28... Rxe5 29.
Qxa3 Qxh5 30. Qe3 $15) 29. Kh2 Rxe5 30. Qc3 {[#]} Qd6 $1 {[%mdl 512]} 31. f4
Rxh5 {[%mdl 64] Discovered Attack} 32. Qh8+ Kd7 33. Qxa1 Qxf4+ $19 {[%mdl 4096]
Endgame KQR-KQR} 34. g3 Qe5 35. Rd2+ Kc8 36. Qd1 {[%csl Gd1][%cal Rd2d8]} Kb8
$1 37. Rd8+ (37. Qf3 {is a better defense.}) 37... Ka7 38. Rd7 Rh4 39. Qg1+ b6
40. Qd4 Qxd4 ({Not} 40... Rxe4 41. Qxe5 Rxe5 42. Rxc7+ Kb8 43. Rxc6 $17) 41.
Rxd4 {[#] KR-KR} Rh5 42. Rd7 Kb7 43. Rxf7 a5 (43... Rb5 $19 {has better
winning chances.} 44. Rxh7 c5 45. bxc5 Rxc5) 44. g4 Rb5 (44... Re5 $17 45. bxa5
bxa5 46. Rxh7 Re6) 45. Rxh7 $2 {[%mdl 8192]} (45. bxa5 $11 bxa5 46. Kg3) 45...
axb4 46. Rxh6 $2 (46. Rf7 c5 47. h4) 46... Rc5 47. Rf6 Rxc2+ 48. Kg3 b3 49. Rf1
b2 (49... c5 $142 50. g5 Rd2) 50. Rb1 c5 51. g5 c4 (51... Rd2 $142 {White must
now prevent ...c4.} 52. g6 Rd6) 52. g6 {[#]} c3 (52... Rd2 $1 $17 {[%cal Rd2d3]
} 53. g7 Rd8 54. Rxb2 Rg8) 53. g7 $11 {The position is equal.} Rd2 {( -> ...c2)
} (53... Rc1 $5 54. g8=Q $8 Rxb1 55. Qd5+ Kc8 56. Qa8+ (56. Qf5+ $2 Kb8 $19)
56... Kd7 57. Qd5+ Kc8 58. Qa8+ (58. Qf5+ $2 Kb8 $19) 58... Kd7 59. Qd5+ Kc8
$11) 54. g8=Q c2 55. Rxb2 {Threatening mate with Ra2!} Rd3+ 56. Kg2 {Intending
Ra2 and mate.} c1=Q 57. Ra2 {[%csl Ga2][%cal Rg8a8]} Rd2+ 58. Rxd2 Qxd2+ {KQ-KQ
} 59. Kf3 {Hoping for Qd5+.} Qd3+ (59... Qc3+ {seems wilder.} 60. Kf4 b5 61. e5
b4 62. Qd5+ c6) 60. Kf4 {Threatens to win with Qd5+.} Qxh3 61. e5 Qh2+ (61...
b5 {with more complications.} 62. Qd5+ c6 63. Qf7+ Kb6 64. e6 b4) 62. Ke4 Qe2+
63. Kf4 Qd2+ (63... b5 {keeps more tension.} 64. Qd5+ c6 65. Qd7+ Kb6 66. Qd8+
Kc5) 64. Kf5 Qf2+ 65. Ke4 Qe2+ (65... Qc2+ {feels hotter.} 66. Kf4 Qc1+ 67. Kf5
Qc2+ 68. Kf4) 66. Kf4 b5 (66... Qf1+ {is more complex.} 67. Ke4 Qe1+ 68. Kf5
Qf2+) 67. Qd5+ Kc8 68. Qa8+ Kd7 {...Qc4+ is the strong threat.} 69. Qd5+ Kc8
70. Qa8+ Kd7 {And now ...Qc4+ would win.} 71. Qd5+ {White happily takes the
draw.  Weighted Error Value: White=0.33/Black=0.27} 1/2-1/2